000 00474nam a2200181Ia 4500
001 12266
005 20260306162929.0
008 260306t2020||||xx |||||||||||||| ||spa||
041 _aESP
082 _aHR 344
_bFEB 2020 AP
110 _aInstituto Pacífico
245 0 _aActualidad penal:
_bpenal - procesal penal - penitenciario - criminología
260 _c2020
300 _a425 páginas :
_c25 cm.
650 _aGEN
654 _aCDE
942 _cREV
_dJUS
_fJUS
_2ddc
_n
999 _c12266
_d12266